Estadísticas para Patronas de Andalucía

Haz click aquí para intentar la prueba.

Estadísticas generales

  • Esta prueba ha sido intentada 30 veces
  • La puntuación promedio es 5 de 8

Estadísticas de respuestas

Respuesta% Correcto
Virgen de las Angustias
76%
Virgen de los Reyes
71%
Virgen del Rosario
71%
Virgen de la Victoria
62%
Virgen del Mar
62%
Virgen de la Fuensanta
52%
Virgen de la Cinta
48%
Virgen de la Capilla
29%

Distribución de puntuación

Porcentaje por número respondido

Porcentaje de gente con cada puntuación

Historial de tus puntuaciones

No has intentado esta prueba.